000 00419pab a2200157 454500
008 180718b2001 xxu||||| |||| 00| 0 eng d
100 _aAjit Kumar
245 _aMaharashtra: statehood for Vidarbha
260 _c2001
300 _ap.4615-617
362 _a15 Dec
650 _aMaharashtra - Politics and government
650 _aPolitics and government
773 _aEconomic and Political Weekly
909 _a50831
999 _c50831
_d50831